|
|
|
|
| LEADER |
00000nam a2200000 a 4500 |
| 001 |
vtls008706116 |
| 003 |
SK-MaSNL |
| 005 |
20260301124047.0 |
| 008 |
240315s1991 xo slo |
| 020 |
|
|
|a 8070961945
|q (brož.)
|c 29.00
|
| 035 |
|
|
|a POKPOH1538
|
| 040 |
|
|
|a SNK
|b slo
|c SNK
|e AACR2
|
| 041 |
1 |
|
|a slo
|h eng
|
| 080 |
|
|
|a 821.111-31
|2 1981
|
| 100 |
1 |
|
|a Wallace, Edgar,
|d 1875-1932
|4 aut
|9 122910
|
| 245 |
1 |
|
|a Miesto smrti
|c Edgar Wallace ; [z anglického originálu prel. Michal Breznický]
|
| 250 |
|
|
|a 1. vyd.
|
| 260 |
|
|
|a Bratislava
|b Šport
|c 1991
|
| 300 |
|
|
|a 200 s. brož.
|
| 490 |
1 |
|
|a Knižky do vrecka
|
| 650 |
0 |
7 |
|a anglická literatúra
|2 POKPOH
|9 1295
|
| 655 |
|
7 |
|a detektívne príbehy
|2 POKPOH
|9 74163
|
| 655 |
|
7 |
|a detektívne romány
|2 POKPOH
|9 70455
|
| 700 |
1 |
|
|a Breznický, Michal,
|d 1923-
|4 trl
|9 36916
|
| 830 |
|
0 |
|a Knižky do vrecka
|9 350258
|
| 919 |
|
|
|a 80-7096-194-5
|
| 999 |
|
|
|c 738321
|d 740251
|
| 952 |
|
|
|t P60, <05>, [BOOK], {605}
|a SNK
|b SNK
|y PREZ
|7 0
|p 17A0269335
|o snkSD 63870 D1
|i snkKSP 88/92
|0 0
|1 0
|4 0
|d 2002-07-12
|l 0
|r 2004-12-31 00:00:00
|w 2026-02-23
|
| 952 |
|
|
|a SNK
|b SNK
|y PREZ
|7 0
|p 17A1044370
|o snkSD 63870
|0 0
|1 0
|4 0
|d 2013-08-21
|l 0
|r 2026-02-23 22:50:52
|w 2026-02-23
|